[Event "Portugal Open 2018"]
[Site "Lisboa POR"]
[Date "2018.02.03"]
[Round "1.77"]
[White "Vedor, Bernardo"]
[Black "Sahin, Özgün"]
[Result "0-1"]
[WhiteElo "1662"]
[BlackElo "2195"]
[WhiteFideId "1953540"]
[BlackFideId "6328121"]
[WhiteCountry "POR"]
[BlackCountry "TUR"]
[PlyCount "46"]
[EventDate "2018.??.??"]

1. e4 c5 2. Nf3 g6 3. d4 cxd4 4. Nxd4 Bg7 5. c4 Nc6 6. Be3 Nf6 7. Nc3 d6 8. Be2
O-O 9. O-O a5 10. f3 Nd7 11. Qd2 Nc5 12. Rac1 a4 13. Nd5 Bd7 14. Rfd1 Be5 15.
Kh1 e6 16. Nc3 Qh4 17. Bg1 Nxd4 18. g3 Bxg3 19. Qxd4 Bc6 20. Nb5 Nxe4 21. Kg2
Be5 22. Qd3 Ng5 23. Bf2 Qxh2+ 0-1

[Event "Portugal Open 2018"]
[Site "Lisboa POR"]
[Date "2018.02.03"]
[Round "1.78"]
[White "Boucquet, Emile"]
[Black "Dias, José"]
[Result "1-0"]
[WhiteElo "2183"]
[BlackElo "1660"]
[WhiteFideId "233161"]
[BlackFideId "1923943"]
[WhiteCountry "BEL"]
[BlackCountry "POR"]
[PlyCount "87"]
[EventDate "2018.??.??"]

1. e4 d5 2. d4 dxe4 3. Nc3 Nf6 4. f3 exf3 5. Nxf3 a6 6. Bc4 e6 7. O-O Be7 8. Bg5
O-O 9. Qe1 b5 10. Bd3 Bb7 11. Qh4 Nbd7 12. Bxh7+ Nxh7 13. Bxe7 Qc8 14. Bxf8
Ndxf8 15. Rae1 c5 16. Ne4 cxd4 17. Nd6 Qc7 18. Nxb7 Qxb7 19. Qxd4 Qc7 20. Ne5 f6
21. Nd3 Rd8 22. Qc5 Qb7 23. Rf2 Ng5 24. Qe3 Rd5 25. Nc5 Qc6 26. b4 a5 27. a3
axb4 28. axb4 e5 29. Ra1 Rd4 30. c3 Rc4 31. Ra6 Qc8 32. Rd6 Nf7 33. Rb6 Qa8 34.
Rxb5 Qa1+ 35. Rf1 Qxc3 36. Qxc3 Rxc3 37. Rb8 Ng5 38. Nd7 Ngh7 39. Nxf8 Nxf8 40.
Ra1 Rc7 41. Raa8 Rf7 42. h4 g5 43. h5 Kg7 44. Rxf8 1-0

[Event "Portugal Open 2018"]
[Site "Lisboa POR"]
[Date "2018.02.03"]
[Round "1.79"]
[White "Fortunato, António"]
[Black "Pein, Jonathan"]
[Result "0-1"]
[WhiteElo "1651"]
[BlackElo "2177"]
[WhiteFideId "1941810"]
[BlackFideId "417092"]
[WhiteCountry "POR"]
[BlackCountry "ENG"]
[PlyCount "68"]
[EventDate "2018.??.??"]

1. e4 e5 2. Nf3 d6 3. Nc3 Nf6 4. Bc4 Be7 5. O-O O-O 6. h3 c6 7. d3 Nbd7 8. a3 b5
9. Ba2 Nc5 10. Nh2 Ne6 11. Ne2 d5 12. Nf3 Qc7 13. Ng3 dxe4 14. Nxe4 Nxe4 15.
dxe4 a5 16. Be3 Nc5 17. Nd2 Rd8 18. Qf3 Be6 19. Bb1 Rd7 20. Bxc5 Bxc5 21. Nb3
Bb6 22. a4 Rad8 23. axb5 cxb5 24. Nc1 b4 25. Nd3 Bc4 26. Rd1 Qc6 27. Ba2 Bxa2
28. Nxe5 Rxd1+ 29. Rxd1 Rxd1+ 30. Qxd1 Qc5 31. Nd3 Qd4 32. b3 a4 33. Qg4 axb3
34. Nxb4 b2 0-1

[Event "Portugal Open 2018"]
[Site "Lisboa POR"]
[Date "2018.02.03"]
[Round "1.80"]
[White "Costa, Paulo"]
[Black "Pérez Bolanos, David"]
[Result "1-0"]
[WhiteElo "2175"]
[BlackElo "1651"]
[WhiteFideId "1900900"]
[BlackFideId "24564400"]
[WhiteCountry "POR"]
[BlackCountry "ESP"]
[PlyCount "33"]
[EventDate "2018.??.??"]

1. Nf3 Nf6 2. d4 e6 3. g3 d5 4. Bg2 Be7 5. O-O O-O 6. c4 c6 7. Qc2 b6 8. Nbd2
Bb7 9. e4 dxc4 10. Nxc4 c5 11. e5 Nd5 12. dxc5 Bxc5 13. Ng5 g6 14. Ne4 Kg7 15.
Qd2 Nc6 16. Qh6+ Kg8 17. Ng5 1-0

[Event "Portugal Open 2018"]
[Site "Lisboa POR"]
[Date "2018.02.03"]
[Round "1.81"]
[White "Gaudin, Bruno"]
[Black "Sousa, Ludy"]
[Result "0-1"]
[WhiteElo "1635"]
[BlackElo "2165"]
[WhiteFideId "647861"]
[BlackFideId "1504134"]
[BlackTitle "CM"]
[WhiteCountry "FRA"]
[BlackCountry "NOR"]
[PlyCount "48"]
[EventDate "2018.??.??"]

1. e4 c5 2. c3 Nf6 3. e5 Nd5 4. Nf3 e6 5. d4 cxd4 6. cxd4 d6 7. Bb5+ Nd7 8. O-O
a6 9. Bd3 Qc7 10. Re1 Nb4 11. Nc3 dxe5 12. dxe5 Nxd3 13. Qxd3 Be7 14. Bd2 O-O
15. Rac1 Nc5 16. Qb1 Qd7 17. Rcd1 b5 18. Bg5 Qc7 19. Ne4 Nxe4 20. Bxe7 Qxe7 21.
Rxe4 Bb7 22. Re3 Rac8 23. Red3 Be4 24. Rd7 Qxd7 0-1

[Event "Portugal Open 2018"]
[Site "Lisboa POR"]
[Date "2018.02.03"]
[Round "1.82"]
[White "Dias, Ricardo"]
[Black "Pérez Bolanos, Joel"]
[Result "0-1"]
[WhiteElo "2162"]
[BlackElo "1628"]
[WhiteFideId "1930060"]
[BlackFideId "24564419"]
[WhiteCountry "POR"]
[BlackCountry "ESP"]
[PlyCount "92"]
[EventDate "2018.??.??"]

1. e4 c5 2. Nf3 d6 3. d4 cxd4 4. Nxd4 Nf6 5. Nc3 Nc6 6. Bc4 e6 7. Be3 Be7 8. Qe2
a6 9. Bb3 Bd7 10. O-O-O Rc8 11. Rhg1 b5 12. f3 Na5 13. g4 Nxb3+ 14. axb3 Qa5 15.
g5 b4 16. Nb1 Nh5 17. f4 g6 18. Qd2 O-O 19. Ne2 Rc7 20. Ng3 Rfc8 21. Rg2 Rxc2+
22. Qxc2 Rxc2+ 23. Rxc2 e5 24. Nxh5 gxh5 25. Rd5 Qd8 26. h4 Be6 27. Rd3 Qa8 28.
Nd2 exf4 29. Bxf4 d5 30. Rd4 dxe4 31. Nxe4 Bxb3 32. Rcd2 Qc6+ 33. Kb1 Qa4 34.
Rd8+ Bxd8 35. Rxd8+ Kg7 36. Be5+ Kg6 37. Nd6 Qa2+ 38. Kc1 Qa1+ 39. Kd2 Qd1+ 40.
Ke3 Qe1+ 41. Kd4 Qd2+ 42. Kc5 Qd5+ 43. Kxb4 f6 44. Bxf6 a5+ 45. Kc3 a4 46. Bd4
Qa5+ 0-1

[Event "Portugal Open 2018"]
[Site "Lisboa POR"]
[Date "2018.02.03"]
[Round "1.83"]
[White "Silva, Miguel Amorim"]
[Black "Hasman, Cengiz"]
[Result "0-1"]
[WhiteElo "1622"]
[BlackElo "2161"]
[WhiteFideId "1912852"]
[BlackFideId "413364"]
[WhiteCountry "POR"]
[PlyCount "76"]
[EventDate "2018.??.??"]

1. e4 d6 2. d4 Nf6 3. Nc3 Nbd7 4. Bc4 e5 5. Nf3 Be7 6. Bxf7+ Kxf7 7. Ng5+ Kg8 8.
Ne6 Qe8 9. Nxc7 Qg6 10. O-O Rb8 11. f4 h6 12. Rf3 Qh5 13. Qf1 Kh7 14. N3d5 Bd8
15. Ne6 Nxd5 16. Nxd8 Rxd8 17. exd5 e4 18. Rh3 Qxd5 19. Be3 Nf6 20. c4 Qf7 21.
f5 Ng4 22. Qf4 Qxf5 23. Rf1 Rf8 24. Qxf5+ Bxf5 25. Bf4 Rbd8 26. Ra3 a6 27. h3
Nf6 28. Bxh6 Kxh6 29. Rxf5 Rc8 30. Rc3 g6 31. Ra5 Nh5 32. b3 Ng7 33. Re3 Rce8
34. Rd5 Nf5 35. Re2 e3 36. Kh2 Re4 37. g4 Nxd4 38. Re1 Nf3+ 0-1

[Event "Portugal Open 2018"]
[Site "Lisboa POR"]
[Date "2018.02.03"]
[Round "1.84"]
[White "Shamima, Akter Liza"]
[Black "Oliveira, António Augusto"]
[Result "1-0"]
[WhiteElo "2160"]
[BlackElo "1617"]
[WhiteFideId "10202587"]
[BlackFideId "1943235"]
[WhiteTitle "WIM"]
[WhiteCountry "BAN"]
[BlackCountry "POR"]
[PlyCount "65"]
[EventDate "2018.??.??"]

1. d4 Nf6 2. c4 g6 3. Nc3 d5 4. Nf3 Bg7 5. Bf4 c6 6. e3 O-O 7. h3 Nbd7 8. cxd5
Nxd5 9. Nxd5 cxd5 10. Bd3 Qa5+ 11. Qd2 Qxd2+ 12. Kxd2 a6 13. Rhc1 Re8 14. Bg3 f6
15. Rc7 Nb8 16. Bc2 Bf8 17. Bb3 e6 18. Rac1 Nd7 19. a3 Nb6 20. h4 Be7 21. h5 Bd8
22. R7c2 Bd7 23. hxg6 hxg6 24. Bc7 Bc6 25. Bg3 Re7 26. Ne1 Bc7 27. Bxc7 Rxc7 28.
Nd3 Nd7 29. Nb4 Rac8 30. e4 a5 31. exd5 axb4 32. dxc6 Rxc6 33. Rxc6 1-0

[Event "Portugal Open 2018"]
[Site "Lisboa POR"]
[Date "2018.02.03"]
[Round "1.85"]
[White "Oliveira, Fernando Alves"]
[Black "Hill, Alistair"]
[Result "0-1"]
[WhiteElo "1604"]
[BlackElo "2159"]
[WhiteFideId "1947869"]
[BlackFideId "432407"]
[WhiteCountry "POR"]
[BlackCountry "ENG"]
[PlyCount "54"]
[EventDate "2018.??.??"]

1. d4 Nf6 2. Nf3 g6 3. Bf4 Bg7 4. e3 d6 5. h3 c5 6. c3 Qb6 7. Qc1 O-O 8. Nbd2
Bf5 9. Be2 Nbd7 10. O-O Rac8 11. Re1 Rfe8 12. Bc4 e5 13. dxe5 dxe5 14. Bg5 e4
15. Nh4 Be6 16. Bxe6 Qxe6 17. Bf4 h6 18. Bh2 g5 19. Nhf3 exf3 20. Nxf3 Ne4 21.
Qc2 Red8 22. Rad1 Ndf6 23. Qa4 a6 24. Qa5 Rd5 25. c4 Rxd1 26. Rxd1 Qxc4 27. Be5
Qe2 0-1

[Event "Portugal Open 2018"]
[Site "Lisboa POR"]
[Date "2018.02.03"]
[Round "1.86"]
[White "Dias, Ivo"]
[Black "Bártolo, Filipe"]
[Result "1-0"]
[WhiteElo "2158"]
[BlackElo "1572"]
[WhiteFideId "1901680"]
[BlackFideId "1942565"]
[WhiteTitle "CM"]
[WhiteCountry "POR"]
[BlackCountry "POR"]
[PlyCount "57"]
[EventDate "2018.??.??"]

1. e4 c5 2. Nf3 e6 3. d4 cxd4 4. Nxd4 a6 5. Nc3 Nc6 6. g3 Nf6 7. Bg2 Be7 8. O-O
O-O 9. Re1 Qc7 10. Nxc6 bxc6 11. e5 Nd5 12. Na4 Bb7 13. c4 Nb6 14. Nxb6 Qxb6 15.
Qxd7 Bb4 16. Be3 Qa5 17. Red1 Bc8 18. Qxc6 Rb8 19. a3 Be7 20. b4 Qxe5 21. Bf4
Qe2 22. Bxb8 Bf6 23. Rab1 e5 24. Bf3 Qa2 25. b5 axb5 26. cxb5 Bf5 27. Bd6 Bxb1
28. Bxf8 e4 29. Bb4 1-0

[Event "Portugal Open 2018"]
[Site "Lisboa POR"]
[Date "2018.02.03"]
[Round "1.87"]
[White "Lages, Duarte"]
[Black "Ferreira, Hugo"]
[Result "1/2-1/2"]
[WhiteElo "1569"]
[BlackElo "2158"]
[WhiteFideId "2161680"]
[BlackFideId "1915940"]
[WhiteCountry "BRA"]
[BlackCountry "POR"]
[PlyCount "137"]
[EventDate "2018.??.??"]

1. d4 Nf6 2. c4 e6 3. Nf3 d5 4. cxd5 exd5 5. Bg5 Be7 6. Nc3 O-O 7. Qc2 c6 8. e3
Nbd7 9. Bd3 h6 10. Bh4 Re8 11. O-O Ne4 12. Bxe7 Qxe7 13. Nd2 Ndf6 14. Ndxe4 Nxe4
15. Nxe4 dxe4 16. Bc4 Qg5 17. Rfc1 Be6 18. b4 h5 19. Qe2 Bg4 20. Qb2 Bf3 21. Bf1
h4 22. Rc5 Qg6 23. Kh1 Bg4 24. h3 Be6 25. b5 cxb5 26. Bxb5 Red8 27. Rac1 Rd6 28.
a4 Qf6 29. Re5 Bd5 30. Bc4 Bc6 31. Bb5 a6 32. Bxc6 Rxc6 33. Kg1 Rac8 34. Rxc6
Qxc6 35. a5 Qc1+ 36. Qxc1 Rxc1+ 37. Kh2 Ra1 38. Re8+ Kh7 39. Re7 Kg6 40. Rxb7
Rxa5 41. Ra7 Kf6 42. g3 g5 43. Ra8 Ra2 44. Kg2 a5 45. gxh4 gxh4 46. Rh8 a4 47.
Rxh4 a3 48. Kg3 Rd2 49. Rh6+ Kf5 50. Rh5+ Kf6 51. Rh6+ Kg5 52. Ra6 a2 53. h4+
Kf5 54. h5 Rb2 55. h6 Rb6 56. Rxa2 Rg6+ 57. Kh3 Rxh6+ 58. Kg2 Rg6+ 59. Kf1 Kg4
60. Ke2 Rc6 61. Rd2 Rd6 62. d5 Kf5 63. f3 exf3+ 64. Kxf3 Ke5 65. e4 f5 66. exf5
Kxf5 67. Rd1 Ke5 68. Rh1 Kxd5 69. Rd1+ 1/2-1/2

[Event "Portugal Open 2018"]
[Site "Lisboa POR"]
[Date "2018.02.03"]
[Round "1.88"]
[White "Kunz, André"]
[Black "Rupérez Benito, Paula"]
[Result "1-0"]
[WhiteElo "2153"]
[BlackElo "1544"]
[WhiteFideId "24623652"]
[BlackFideId "22297618"]
[WhiteCountry "GER"]
[BlackCountry "ESP"]
[PlyCount "113"]
[EventDate "2018.??.??"]

1. e4 e6 2. d3 d5 3. Qe2 d4 4. f4 Nc6 5. Nf3 f6 6. Nbd2 e5 7. g3 Nb4 8. Nc4 Bg4
9. Bg2 Bxf3 10. Bxf3 b5 11. Na3 a6 12. O-O c5 13. fxe5 fxe5 14. Bh5+ g6 15. Qf3
Qf6 16. Bxg6+ hxg6 17. Qxf6 Nxf6 18. Rxf6 Bg7 19. Rxg6 Kf7 20. Rb6 Rh7 21. Bg5
Rh5 22. Rf1+ Kg8 23. h4 Rh7 24. Rg6 Rf8 25. Bf6 Re8 26. h5 Kh8 27. Rxg7 Rxg7 28.
h6 Kg8 29. Bxg7 c4 30. dxc4 bxc4 31. Nxc4 Nxc2 32. Nxe5 Ne3 33. Rf3 Rc8 34. Nd7
Rc1+ 35. Kh2 Rf1 36. Rxf1 Nxf1+ 37. Kg2 Ne3+ 38. Kf3 Nc2 39. Nc5 Kh7 40. e5 Nb4
41. e6 Nd5 42. Ke4 Ne7 43. Kxd4 a5 44. g4 a4 45. Nxa4 Kg8 46. b4 Kh7 47. b5 Kg8
48. b6 Kh7 49. b7 Kg6 50. Kc5 Kh7 51. b8=Q Kg6 52. Qe8+ Kh7 53. Qxe7 Kg6 54.
Qf6+ Kh7 55. e7 Kg8 56. e8=R+ Kh7 57. Rh8# 1-0

[Event "Portugal Open 2018"]
[Site "Lisboa POR"]
[Date "2018.02.03"]
[Round "1.89"]
[White "Ferrante, Filippo"]
[Black "Santos, José Alves"]
[Result "0-1"]
[WhiteElo "1539"]
[BlackElo "2150"]
[WhiteFideId "846457"]
[BlackFideId "1900366"]
[BlackTitle "NM"]
[WhiteCountry "ITA"]
[BlackCountry "POR"]
[PlyCount "46"]
[EventDate "2018.??.??"]

1. Nf3 d5 2. g3 c5 3. Bg2 Nf6 4. O-O Nc6 5. d3 e5 6. Nbd2 Be7 7. c4 O-O 8. cxd5
Nxd5 9. Nc4 f6 10. Nfd2 Be6 11. Ne4 Qd7 12. Be3 Nxe3 13. Nxe3 f5 14. Nd2 Rad8
15. b3 e4 16. Ndc4 exd3 17. Bxc6 Qxc6 18. exd3 f4 19. Ne5 Qc7 20. N3g4 h5 21.
Ng6 Bxg4 22. Qc2 fxg3 23. Rae1 gxh2+ 0-1

[Event "Portugal Open 2018"]
[Site "Lisboa POR"]
[Date "2018.02.03"]
[Round "1.90"]
[White "Pérez García, Roberto"]
[Black "Silva, Daniel"]
[Result "1-0"]
[WhiteElo "2142"]
[BlackElo "1536"]
[WhiteFideId "2217708"]
[BlackFideId "1951378"]
[WhiteCountry "ESP"]
[BlackCountry "POR"]
[PlyCount "95"]
[EventDate "2018.??.??"]

1. d4 d5 2. Nf3 e6 3. c4 Nf6 4. g3 Be7 5. Bg2 O-O 6. O-O b6 7. Ne5 Bb7 8. Qa4 c5
9. dxc5 Bxc5 10. Nc3 a6 11. Bg5 Be7 12. Rac1 Qc7 13. Bf4 g5 14. Ng6 gxf4 15.
Nxf8 d4 16. Nxh7 Bxg2 17. Nxf6+ Bxf6 18. Nd5 exd5 19. cxd5 Qe5 20. Rc8+ Kg7 21.
Kxg2 Qxd5+ 22. Kg1 b5 23. Qb4 Nd7 24. Rxa8 Qxa8 25. Qd6 Qe8 26. Rc1 Ne5 27. Qd5
fxg3 28. hxg3 Qh8 29. Kg2 Qh5 30. Qe4 Qg4 31. Qxg4+ Nxg4 32. Rc6 a5 33. b3 b4
34. Rc5 Ne5 35. f4 Ng4 36. Rxa5 Ne3+ 37. Kf3 Nd1 38. a3 bxa3 39. Rxa3 Ne3 40. b4
Nd5 41. b5 Nb6 42. Ra6 Bd8 43. Ke4 Kf8 44. Kxd4 Ke8 45. Kc5 Nd7+ 46. Kc6 f5 47.
Ra8 Nb6 48. Rxd8+ 1-0

[Event "Portugal Open 2018"]
[Site "Lisboa POR"]
[Date "2018.02.03"]
[Round "1.91"]
[White "Cavadas, José"]
[Black "Reis, Luís Sousa"]
[Result "0-1"]
[WhiteElo "1535"]
[BlackElo "2141"]
[WhiteFideId "1904990"]
[BlackFideId "1900609"]
[BlackTitle "NM"]
[WhiteCountry "POR"]
[BlackCountry "POR"]
[PlyCount "72"]
[EventDate "2018.??.??"]

1. d4 d5 2. Nf3 c5 3. c4 cxd4 4. Qxd4 Nf6 5. cxd5 Qxd5 6. Nc3 Qxd4 7. Nxd4 a6 8.
Bf4 Nbd7 9. Nf3 e6 10. e3 Bb4 11. Nd2 O-O 12. Rc1 b5 13. Be2 Bb7 14. O-O Rfc8
15. Bf3 Bxf3 16. Nxf3 Bxc3 17. bxc3 Nd5 18. Rfd1 Nxc3 19. Rd2 Ne2+ 20. Rxe2
Rxc1+ 21. Ne1 e5 22. Bg3 Nc5 23. f4 e4 24. h3 Nd3 25. Kf1 Rac8 26. f5 R8c5 27.
Bh4 Rxf5+ 28. Kg1 Rfc5 29. Kf1 g5 30. Bg3 f5 31. h4 f4 32. exf4 gxf4 33. Bf2 e3
34. Bxe3 fxe3 35. Rxe3 Rf5+ 36. Ke2 Nxe1 0-1

[Event "Portugal Open 2018"]
[Site "Lisboa POR"]
[Date "2018.02.03"]
[Round "1.92"]
[White "Neto, Horácio"]
[Black "Santos, Ana P"]
[Result "1-0"]
[WhiteElo "2139"]
[BlackElo "1534"]
[WhiteFideId "1900315"]
[BlackFideId "1921550"]
[WhiteCountry "POR"]
[BlackCountry "POR"]
[PlyCount "71"]
[EventDate "2018.??.??"]

1. Nf3 e6 2. d4 d5 3. c4 Nf6 4. Nc3 c6 5. e3 Nbd7 6. b3 Bb4 7. Bd2 O-O 8. Be2
Qc7 9. O-O c5 10. Rc1 b6 11. cxd5 exd5 12. Nb5 Qd8 13. Bxb4 cxb4 14. Nd6 Ne4 15.
Nxe4 dxe4 16. Nd2 Bb7 17. f3 exf3 18. Bxf3 Bxf3 19. Nxf3 Qe7 20. Qd3 Rfd8 21. e4
Nc5 22. Qc2 Nxe4 23. Rce1 f5 24. Qc4+ Kh8 25. Ne5 Rf8 26. Qd3 Qg5 27. Nd7 Rad8
28. Ne5 Nd6 29. d5 Rfe8 30. Qd4 Qf6 31. Qf4 g5 32. Qd4 Re7 33. Ng6+ Kg7 34.
Qxf6+ Kxf6 35. Nxe7 Nb5 36. Rxf5+ 1-0

[Event "Portugal Open 2018"]
[Site "Lisboa POR"]
[Date "2018.02.03"]
[Round "1.93"]
[White "Correia, Pedro Mourão"]
[Black "Carneiro, Carlos"]
[Result "1/2-1/2"]
[WhiteElo "1520"]
[BlackElo "2130"]
[WhiteFideId "1959522"]
[BlackFideId "1900170"]
[BlackTitle "NM"]
[WhiteCountry "POR"]
[BlackCountry "POR"]
[PlyCount "112"]
[EventDate "2018.??.??"]

1. e4 c5 2. Nf3 Nc6 3. Nc3 g6 4. d4 cxd4 5. Nxd4 Bg7 6. Be3 Nf6 7. Bc4 O-O 8. h3
Nxe4 9. Bxf7+ Rxf7 10. Nxe4 Qa5+ 11. c3 Nxd4 12. Bxd4 Qd5 13. f3 Bxd4 14. Qxd4
Qxd4 15. cxd4 d6 16. O-O Bf5 17. Rac1 Raf8 18. Nd2 Be6 19. Rfe1 Bd5 20. Rc7 e6
21. Rxf7 Rxf7 22. Re3 Rc7 23. Rc3 Rxc3 24. bxc3 Bxa2 25. Kf2 Kf7 26. Ke2 d5 27.
f4 Ke7 28. Kd1 Kd6 29. Kc2 Bc4 30. g4 Be2 31. g5 a5 32. Nb1 b5 33. Kb3 Bf1 34.
h4 Bh3 35. Nd2 e5 36. fxe5+ Ke6 37. Ka3 Kf5 38. Nb3 Kf4 39. Nc5 Kg3 40. e6 Bxe6
41. Nxe6 Kxh4 42. Nc7 Kxg5 43. Nxd5 h5 44. Ne3 Kf4 45. d5 Ke5 46. Kb3 g5 47. Kc2
g4 48. Kd3 g3 49. Ke2 a4 50. Kf3 h4 51. c4 b4 52. c5 b3 53. c6 Kd6 54. Nc4+ Kc7
55. Kg2 b2 56. Na3 Kd6 1/2-1/2

[Event "Portugal Open 2018"]
[Site "Lisboa POR"]
[Date "2018.02.03"]
[Round "1.94"]
[White "Costa, João Guerra"]
[Black "Amaral, Fernando"]
[Result "1-0"]
[WhiteElo "2130"]
[BlackElo "1518"]
[WhiteFideId "1901737"]
[BlackFideId "1931288"]
[WhiteCountry "POR"]
[BlackCountry "POR"]
[PlyCount "31"]
[EventDate "2018.??.??"]

1. e4 c5 2. Nf3 e6 3. d4 cxd4 4. Nxd4 Qb6 5. Nb3 Qc7 6. Nc3 a6 7. Be3 b5 8. Qd2
Bb7 9. f3 Nc6 10. O-O-O Ne5 11. Bf4 d6 12. Kb1 Rd8 13. a4 b4 14. Na2 a5 15. Bxe5
dxe5 16. Bb5+ 1-0

[Event "Portugal Open 2018"]
[Site "Lisboa POR"]
[Date "2018.02.03"]
[Round "1.95"]
[White "Afonso, Paulo Jorge"]
[Black "Dantas, Carlos"]
[Result "0-1"]
[WhiteElo "1511"]
[BlackElo "2129"]
[WhiteFideId "1907549"]
[BlackFideId "1900757"]
[BlackTitle "NM"]
[WhiteCountry "POR"]
[BlackCountry "POR"]
[PlyCount "92"]
[EventDate "2018.??.??"]

1. e4 e5 2. Nf3 Nc6 3. Bb5 g6 4. O-O Bg7 5. c3 a6 6. Ba4 d6 7. h3 Nf6 8. Re1 O-O
9. d3 h6 10. Be3 Kh7 11. Nbd2 Nh5 12. Nf1 Bd7 13. Ng3 Nxg3 14. fxg3 f5 15. exf5
gxf5 16. Bc2 d5 17. Nh4 d4 18. Bd2 Qf6 19. Rf1 Qd6 20. Qh5 Be8 21. Qf3 Bg6 22.
Nxg6 Qxg6 23. Rae1 Rad8 24. Ba4 b5 25. Bc2 Rd6 26. a4 Rdf6 27. axb5 axb5 28. Kh2
Kh8 29. Qd5 f4 30. gxf4 exf4 31. Rf3 Rf5 32. Qe4 Qd6 33. Qe6 Qc5 34. c4 Ne5 35.
Rf2 bxc4 36. Re4 Nxd3 37. Bxd3 cxd3 38. Rexf4 Rxf4 39. Rxf4 Qe5 40. Qg4 h5 41.
Qg3 Rxf4 42. Bxf4 Qe2 43. Qg5 d2 44. Bxd2 Qe5+ 45. Qf4 Qb5 46. Qxc7 Be5+ 0-1

[Event "Portugal Open 2018"]
[Site "Lisboa POR"]
[Date "2018.02.03"]
[Round "1.96"]
[White "Cuevas Fernandez, José Alberto"]
[Black "Rupérez Benito, Yaiza"]
[Result "1-0"]
[WhiteElo "2128"]
[BlackElo "1503"]
[WhiteFideId "2288150"]
[BlackFideId "22297626"]
[WhiteCountry "ESP"]
[BlackCountry "ESP"]
[PlyCount "77"]
[EventDate "2018.??.??"]

1. d4 d5 2. c4 e6 3. Nc3 c5 4. e3 Nf6 5. Nf3 Nc6 6. Be2 Be7 7. O-O O-O 8. a3 a6
9. dxc5 Bxc5 10. b4 Bd6 11. Bb2 b6 12. Qb3 Bb7 13. Rfd1 Ne7 14. Rac1 Rc8 15. h3
Qc7 16. c5 bxc5 17. bxc5 Qxc5 18. Ne4 Qa7 19. Nxd6 Rb8 20. Bxf6 gxf6 21. Rc7 Nc6
22. Rxb7 Qc5 23. Qb2 Qxd6 24. Rxb8 Rxb8 25. Qxf6 Qf8 26. Bxa6 Rb6 27. Bd3 Ne7
28. a4 Ng6 29. a5 Rd6 30. Ne5 Qb8 31. Qxf7+ Kh8 32. Bxg6 Qg8 33. Bxh7 Qxh7 34.
Ng6+ Qxg6 35. Qxg6 d4 36. Rb1 Rd8 37. Rb7 Rd7 38. Rxd7 dxe3 39. Qe8# 1-0

[Event "Portugal Open 2018"]
[Site "Lisboa POR"]
[Date "2018.02.03"]
[Round "1.97"]
[White "Moreira, Simao Chaves"]
[Black "Gonzalez Pruneda, Arturo"]
[Result "0-1"]
[WhiteElo "1490"]
[BlackElo "2126"]
[WhiteFideId "1939351"]
[BlackFideId "2256860"]
[WhiteCountry "POR"]
[BlackCountry "ESP"]
[PlyCount "140"]
[EventDate "2018.??.??"]

1. d4 Nf6 2. Bf4 d5 3. e3 c5 4. c3 Nc6 5. Nd2 cxd4 6. exd4 g6 7. Ngf3 Bg7 8. Be2
O-O 9. O-O Nh5 10. Bg5 h6 11. Bh4 Nf4 12. Bg3 Nxe2+ 13. Qxe2 a5 14. Nb3 b6 15.
Rfe1 Ba6 16. Qd1 Rc8 17. Nc1 Na7 18. a4 Nc6 19. Nd3 Nb8 20. Nfe5 Bxd3 21. Qxd3
Nd7 22. f4 Nxe5 23. fxe5 e6 24. Bf4 Rc4 25. Qd2 g5 26. Be3 f5 27. exf6 Rxf6 28.
Bf2 Qd7 29. h4 Rxa4 30. Rxa4 Qxa4 31. hxg5 hxg5 32. Qxg5 Qc2 33. Bg3 Rg6 34.
Qd8+ Kh7 35. Qh4+ Rh6 36. Qg4 Qxb2 37. Rxe6 Rxe6 38. Qxe6 Qc1+ 39. Be1 Qg5 40.
Qxb6 Qe3+ 41. Kf1 Qf4+ 42. Kg1 Qe3+ 43. Kf1 Qd3+ 44. Kf2 a4 45. Qd8 Qf5+ 46. Kg1
a3 47. Qa5 Qb1 48. Kf2 Qc2+ 49. Kf1 Qd3+ 50. Kf2 Qc2+ 51. Kf1 Qb3 52. Qd8 Qb5+
53. Kf2 Qc6 54. Qh4+ Kg8 55. Qd8+ Kh7 56. Qh4+ Kg8 57. Qd8+ Kf7 58. Qb8 Bf8 59.
Bd2 Qa6 60. Bg5 a2 61. Qf4+ Kg6 62. g4 Qe6 63. Qc1 Qe4 64. Bd8 Bh6 65. g5 Qf5+
66. Ke2 Qe4+ 67. Kf2 Qb1 68. Qf4 Qf5 69. Qxf5+ Kxf5 70. gxh6 a1=Q 0-1

[Event "Portugal Open 2018"]
[Site "Lisboa POR"]
[Date "2018.02.03"]
[Round "1.98"]
[White "Guerra, Vítor"]
[Black "Almeida, José António"]
[Result "1-0"]
[WhiteElo "2113"]
[BlackElo "1469"]
[WhiteFideId "1901095"]
[BlackFideId "1958143"]
[WhiteTitle "NM"]
[WhiteCountry "POR"]
[BlackCountry "POR"]
[PlyCount "61"]
[EventDate "2018.??.??"]

1. d4 c6 2. c4 Nf6 3. Nc3 d5 4. Nf3 Bg4 5. g3 Bxf3 6. exf3 e6 7. b3 Nbd7 8. Bb2
g6 9. Bg2 Bg7 10. O-O O-O 11. f4 h5 12. Qd3 Qe7 13. Rfe1 Qd6 14. a4 Rfe8 15. Ba3
Qc7 16. Rec1 Qd8 17. Bd6 Nf8 18. Be5 N8d7 19. b4 Nxe5 20. fxe5 Ng4 21. cxd5 exd5
22. f4 Nh6 23. b5 Nf5 24. a5 f6 25. a6 Qb6 26. axb7 Nxd4 27. bxa8=Q Nb3+ 28. Kh1
Rxa8 29. Bxd5+ Kh7 30. Bf7 f5 31. Bxb3 1-0

[Event "Portugal Open 2018"]
[Site "Lisboa POR"]
[Date "2018.02.03"]
[Round "1.99"]
[White "Capamba, Assis"]
[Black "Cruz, Jorge"]
[Result "0-1"]
[WhiteElo "1442"]
[BlackElo "2113"]
[WhiteFideId "1952609"]
[BlackFideId "1903977"]
[WhiteCountry "ANG"]
[BlackCountry "POR"]
[PlyCount "66"]
[EventDate "2018.??.??"]

1. e4 c5 2. Nf3 g6 3. g3 Bg7 4. Bg2 Nc6 5. O-O d6 6. d3 e5 7. Nc3 Nge7 8. Bd2
O-O 9. a3 h6 10. Qe2 Bg4 11. Be3 Qd7 12. Qd2 Kh7 13. Rab1 f5 14. h3 Bxf3 15.
Bxf3 fxe4 16. Bg4 Qe8 17. Nxe4 Rd8 18. Kg2 b6 19. h4 d5 20. Ng5+ hxg5 21. hxg5
Nf5 22. Rh1+ Kg8 23. Rh3 d4 24. Bf4 exf4 25. Re1 Qd7 26. Kh2 fxg3+ 27. fxg3 Ne5
28. Qe2 Nxg4+ 29. Qxg4 Ne3 30. Qh4 Rf2+ 31. Kg1 Rg2+ 32. Kh1 Qd5 33. c4 Rg1+ 0-1

[Event "Portugal Open 2018"]
[Site "Lisboa POR"]
[Date "2018.02.03"]
[Round "1.100"]
[White "Gavrish, Leonid"]
[Black "Mouquinho, José"]
[Result "1-0"]
[WhiteElo "2110"]
[BlackElo "1404"]
[WhiteFideId "14110040"]
[BlackFideId "1907956"]
[WhiteCountry "UKR"]
[BlackCountry "POR"]
[PlyCount "91"]
[EventDate "2018.??.??"]

1. d4 d5 2. c4 e6 3. Nc3 Nf6 4. cxd5 exd5 5. Bg5 Be7 6. e3 c6 7. Qc2 h6 8. Bf4
Bd6 9. Bg3 Be6 10. Bd3 Qc7 11. Nf3 Nbd7 12. O-O a6 13. b4 O-O 14. Na4 Bxg3 15.
hxg3 Rfe8 16. Nc5 Nxc5 17. bxc5 Ng4 18. Rab1 Qe7 19. Rb2 Rab8 20. Rfb1 Qc7 21.
Bh7+ Kh8 22. Bf5 f6 23. Bxe6 Rxe6 24. Qf5 Re4 25. Nd2 Nxe3 26. fxe3 Rxe3 27. Qf4
Re7 28. Qxc7 Rxc7 29. Nf3 Re7 30. Kf2 Kg8 31. Rb6 Rbe8 32. R1b2 Kf8 33. Rxb7 Kf7
34. Rxe7+ Rxe7 35. Rb6 Rc7 36. Rxa6 Ke6 37. g4 Kd7 38. Ra8 Rb7 39. Kg3 Rc7 40.
a4 Ke7 41. a5 Kf7 42. a6 Kg6 43. Rb8 Ra7 44. Rb6 Rc7 45. Nh4+ Kg5 46. Rb7 1-0